| 000 | 00426nam a2200181Ia 4500 | ||
|---|---|---|---|
| 005 | 20240823035950.0 | ||
| 008 | 240823s9999||||xx |||||||||||||| ||und|| | ||
| 041 | _aENGLISH | ||
| 082 | _A604.2 P1 | ||
| 100 | _aSharma S C | ||
| 245 | 0 | _aEngineering Graphics with Autocad -2000 | |
| 250 | _a1st | ||
| 260 |
_c2001 _bSuneel Gal |
||
| 500 | _aTRANSFERED | ||
| 650 |
_aAutoCad _bMechanical |
||
| 942 | _cBK | ||
| 999 |
_c201949 _d201949 |
||